Statistiques concernant Carte du monde sans 5 pays aléatoires

Cliquez ici pour prendre le quiz!

Statistiques générales

  • Ce quiz a été pris 213 fois
  • Le résultat moyen est 3 sur 5

Réponses sur la Carte

Les réponses sont colorées sur une échelle allant du rouge au vert en fonction du pourcentage des utilisateurs qui les ont devinées à leur premier essai. Vous pouvez retrouver ces pourcentages ci-dessous.
 

Statistiques - réponses

pays% Correct
Afghanistan
100%
Algérie
100%
Allemagne
100%
Argentine
100%
Arménie
100%
Australie
100%
Autriche
100%
Bénin
100%
Bolivie
100%
Brésil
100%
Canada
100%
Chine
100%
Costa Rica
100%
Côte d'Ivoire
100%
Croatie
100%
Égypte
100%
Équateur
100%
Espagne
100%
États-Unis
100%
Éthiopie
100%
France
100%
Ghana
100%
Grèce
100%
Guyana
100%
Hongrie
100%
Irak
100%
Libye
100%
Mali
100%
Mauritanie
100%
Mexique
100%
Mongolie
100%
Népal
100%
Niger
100%
Nigeria
100%
Oman
100%
Panama
100%
Paraguay
100%
Pérou
100%
Pologne
100%
République Centrafricaine
100%
République Démocratique du Congo
100%
République Tchèque
100%
Roumanie
100%
Russie
100%
Sénégal
100%
Soudan
100%
Suède
100%
Tchad
100%
Togo
100%
Turkménistan
100%
Turquie
100%
Venezuela
100%
Viêt Nam
100%
Kenya
86%
Afrique du Sud
83%
Cameroun
83%
Gabon
83%
Guatemala
83%
Inde
83%
Iran
83%
Mozambique
83%
République Démocratique du Congo
83%
Uruguay
83%
Nicaragua
80%
Royaume-Uni
80%
Suriname
80%
Zambie
80%
Zimbabwe
80%
Angola
75%
Arabie Saoudite
75%
Biélorussie
75%
Botswana
75%
Colombie
75%
Moldavie
75%
Norvège
75%
Ouganda
75%
Tanzanie
75%
Thaïlande
75%
Birmanie
71%
Chili
71%
Burkina Faso
67%
Corée du Nord
67%
Japon
67%
Jordanie
67%
Kazakhstan
67%
Kiribati
67%
Maroc
67%
Ouzbékistan
67%
Philippines
67%
Slovaquie
67%
Slovénie
67%
Soudan du Sud
67%
Suisse
67%
Ukraine
67%
Yémen
67%
Bosnie-Herzégovine
63%
Laos
63%
Bulgarie
60%
Cambodge
60%
Géorgie
60%
Guinée-Bissau
60%
Islande
60%
Haïti
57%
Lituanie
57%
Érythrée
50%
États Fédérés de Micronésie
50%
Guinée
50%
Indonésie
50%
Italie
50%
Kirghizistan
50%
Lesotho
50%
Macédoine du Nord
50%
Malawi
50%
Maurice
50%
Pakistan
50%
Pays-Bas
50%
Serbie
50%
Taïwan
43%
Bangladesh
40%
Guinée Équatoriale
40%
Sierra Leone
40%
Belgique
33%
Émirats Arabes Unis
33%
Malaisie
33%
Portugal
33%
Tadjikistan
33%
Malte
29%
République Dominicaine
29%
Sao Tomé-et-Principe
29%
Comores
25%
Jamaïque
25%
Lettonie
25%
Maldives
25%
Palaos
25%
Rwanda
25%
Salvador
25%
Seychelles
25%
Sri Lanka
25%
Estonie
20%
Fidji
20%
Irlande
20%
Israël
20%
Madagascar
20%
Nouvelle-Zélande
20%
Koweït
17%
Albanie
13%
Azerbaïdjan
0%
Bahamas
0%
Belize
0%
Burundi
0%
Cabo Verde
0%
Corée du Sud
0%
Cuba
0%
Danemark
0%
Eswatini
0%
Finlande
0%
Honduras
0%
Îles Marshall
0%
Îles Salomon
0%
Kosovo
0%
Liberia
0%
Namibie
0%
Nauru
0%
Papouasie-Nouvelle-Guinée
0%
Samoa
0%
Somalie
0%
Syrie
0%
Tonga
0%
Tunisie
0%
Tuvalu
0%
Vanuatu
0%

Distribution des résultats

Percentile par nombre de réponses

% des personnes avec chaque résultat

Votre développement - résultats

Vous n’avez pas pris ce quiz